| 000 | 00712nam a2200181Ia 4500 | ||
|---|---|---|---|
| 008 | 100920s9999 xx 000 0 und d | ||
| 082 |
_b57945 _a24 0 |
||
| 100 | _aभिशीकर च.प. | ||
| 245 | _aविराट संघस्वरुपाची प्रेरणा डॉ. हेडगेवार. | ||
| 260 |
_b--- _c0 |
||
| 300 |
_a62 _bसाधी |
||
| 365 | _b5 | ||
| 520 | _aसायो. | ||
| 630 | _aविराट संघस्वरुपाची प्रेरणा डॉ. हेडगेवार. | ||
| 650 | _aसायो. | ||
| 730 | _aविराट संघस्वरुपाची प्रेरणा डॉ. हेडगेवार. | ||
| 942 | _cBOOK | ||
| 999 |
_c701691 _d701688 |
||